000 01157nam a2200265 i 4500
003 EG-ScBUE
005 20231115142959.0
008 110908s1980 ae f b000 0 ara ara d
040 _aEG-ScBUE
_bara
_erda
_cEG-ScBUE
_dEG-ScBUE
043 _ama-----
082 0 4 _222
_a330.9174927
_bإ ب ر
100 1 _927082
_aإبراهيمى، عبد الحميد،
_d1936-
_eمؤلف.
245 1 0 _aأبعاد العالم العربي واحتمالات المستقبل /
_cعبد الحميد إبراهيمي، دكتور في العلوم الاقتصادية، وزير التخطيط والتهيئة العمرانية.
246 3 5 _aDimensions et perspectives du monde Arabe
264 1 _aالجزائر :
_bديوان المطبوعات الجامعية،
_c[1980]
300 _a426 صفحة ؛
_c24 سم
336 _2rdacontent
_aنص
_btxt
337 _aبدون وسيط
_2rdamedia
_bn
338 _aمجلد
_bnc
_2rdacarrier
504 _aيشتمل على إرجاعات ببليوجرافية.
651 7 _2BUEsh
_aالدول العربية
_xأحوال اقتصادية.
653 _cSeptember2011
655 _vReading book
942 _2ddc
_cBB
999 _c15980
_d15980